Diagnóstico del sistema eléctrico del edificio de Ingeniería Eléctrica; primer y segundo nivel
שמור ב:
| מחבר ראשי: | |
|---|---|
| מחברים אחרים: | |
| פורמט: | ספר |
| שפה: | Spanish |
| יצא לאור: |
[San José], Costa Rica
2014
|
| נושאים: | |
| תגים: |
הוספת תג
אין תגיות, היה/י הראשונ/ה לתייג את הרשומה!
|
MARC
| LEADER | 00000nam a22000007a 4500 | ||
|---|---|---|---|
| 003 | 012037 | ||
| 005 | 20230628085547.0 | ||
| 008 | 150219b2014 cr a|||| |||| 00| ||spa d | ||
| 040 | |c cru CEDI | ||
| 100 | |9 817 |a González Sancho, José Miguel, 1985- | ||
| 245 | |a Diagnóstico del sistema eléctrico del edificio de Ingeniería Eléctrica; primer y segundo nivel | ||
| 260 | |a [San José], Costa Rica |c 2014 | ||
| 500 | |a Proyecto de graduación (bachillerato en ingeniería eléctrica)-- Universidad de Costa Rica. Facultad de Ingeniería. Escuela de Ingeniería Eléctrica | ||
| 501 | |a Profesor Guía de IE-0499 Proyecto Eléctrico: Ing. Juan Pablo Cruz Ríos | ||
| 610 | 0 | |9 816 |a Universidad de Costa Rica.. Escuela de Ingeniera Eléctrica | |
| 650 | |x INSTALACIONES ELECTRICAS - EVALUACION |x DISTRIBUCION DE ENERGIA ELECTRICA |x SISTEMAS DE ENERGIA ELECTRICA - EVALUACION |x UNIVERSIDAD DE COSTA RICA. FACULTAD DE INGENIERIA. ESCUELA DE INGENIERIA ELECTRICA |9 182 | ||
| 700 | |9 748 |a Cruz Ríos, Juan Pablo,1983- |d Director de Proyecto Eléctrico | ||
| 942 | |c CEDI |h TFG 7203 |6 TFG_7203_000000000000000 | ||
| 999 | |c 13576 |d 13576 | ||
